000 02345nam0a2200397 4500
001 RU\NLR\bibl\1490222
005 20260407094341.0
010 _a978-5-93834-510-2
_9100
021 _aRU
_b2010-7544
_9497
035 _a(nilc)RSL-KNO-004578715
035 _a(NLR Aleph) 001481799
090 _a1708200
_c1708200
100 _a20100205d2009 |||y0rusy50 ca
101 0 _arus
102 _aRU
105 _aa zzzz|||||
200 1 _aИнформационные системы поддержки дистанционного обучения в сети Интернет
_eмонография
_f[А.В. Дьяченко, В.Г. Манжула, А.Э. Попов и др.]
_gотв. ред. А. Э. Попов
_gФедеральное агентство по образованию, Гос. образовательное учреждение высш. проф. образования "Южно-Российский гос. ун-т экономики и сервиса" (ГОУ ВПО "ЮРГУЭС")
210 _aШахты, Ростовская обл.
_cЮРГУС
_d2009
215 _a121, [1] с.
_cил.
_d20
300 _aАвт. указаны на обороте тит.л.
320 _aБиблиогр. в конце кн.
606 1 _aВысшее образование дистанционное
_yРоссийская Федерация
_92537936
_3RU\NLR\auth\661502754
686 _aЧ481,6(2)23,0
_2rubbk
686 _aЧ481.231
686 _aЧ484(2Р)
701 1 _aДьяченко
_bА. В.
_gАлексей Владимирович
_4070
701 1 _aМанжула
_bВ. Г.
_gВладимир Гаврилович
_4070
701 1 _4070
_8rus
_7ca
_aПопов
_bА.Э.
_cканд. техн. наук, радиотехника
_gАлексей Эдуардович
_3RU\NLR\auth\7727354
_910388
702 1 _4340
_8rus
_7ca
_aПопов
_bА.Э.
_cканд. техн. наук, радиотехника
_gАлексей Эдуардович
_3RU\NLR\auth\7727354
_910388
712 0 2 _4570
_aЮжно-Российский государственный университет экономики и сервиса
_cШахты
_3RU\NLR\AUTH\889918691
_9333515
801 0 _aRU
_bRuMoRGB
_c20100205
_grcr
801 1 _aRU
_bRuMoRGB
_c20100205
801 2 _aRU
_bNLR
_c20100325
_grcr
942 _cBOOK
980 _aNB